000 00395nam a2200133Ia 4500
005 20260328104341.0
008 260328s9999||||xx |||||||||||||| ||und||
100 _aGuerrero, Erik
245 0 _aEl Libro Verde :
_b Festival Internacional de Poesia. Ars Amandi Panamá /
_cErik Guerrero
260 _bBiblioteca Tabasqueña del Bicentenario
300 _a83 p.
650 _aPANAMÁ
942 _cBK
999 _c12114
_d12114